Buone notizie (Record n. 101497)

Dettagli MARC
000 -LEADER
fixed length control field 01149njm a2200325Ia 4500
001 - CONTROL NUMBER
control field 27565
003 - CONTROL NUMBER IDENTIFIER
control field IT-RoPAU
005 - DATE AND TIME OF LATEST TRANSACTION
control field 20220918181144.0
008 - FIXED-LENGTH DATA ELEMENTS--GENERAL INFORMATION
fixed length control field 131025s9999 xx 000 0 und d
040 ## - CATALOGING SOURCE
Original cataloging agency IT-RoPAU
040 ## - CATALOGING SOURCE
Transcribing agency IT-RoPAU
041 ## - LANGUAGE CODE
Language code of text/sound track or separate title ITALIANO
999 ## - SYSTEM CONTROL NUMBERS (KOHA)
Koha Dewey Subclass [OBSOLETE] n.d.
100 ## - MAIN ENTRY--PERSONAL NAME
Personal name Nocenzi Gianni
9 (RLIN) 18592
100 ## - MAIN ENTRY--PERSONAL NAME
Relator term Autore musica
9 (RLIN) 18593
100 ## - MAIN ENTRY--PERSONAL NAME
Miscellaneous information Codice autore musica SPICS: 28370
9 (RLIN) 18594
245 ## - TITLE STATEMENT
Title Buone notizie
250 ## - EDITION STATEMENT
Edition statement 1a ed.
260 ## - PUBLICATION, DISTRIBUTION, ETC. (IMPRINT)
Place of publication, distribution, etc. MILANO
260 ## - PUBLICATION, DISTRIBUTION, ETC. (IMPRINT)
Name of publisher, distributor, etc. CBS ITALIANA
Date of publication, distribution, etc. 1981 [1a Ed.:1981 - Ed. Lingua Orig.: 1981]
300 ## - PHYSICAL DESCRIPTION
Extent DISCO
300 ## - PHYSICAL DESCRIPTION
Dimensions 41 minuti (Testo: pag.)
500 ## - GENERAL NOTE
General note Canzone italiana
505 ## - FORMATTED CONTENTS NOTE
Formatted contents note Taxi - Canzone d'amore - Si, ma si - Buonanotte sogni d'oro - Baciami Alfredo - Michele e il treno - Am fm - Buone notizie
650 ## - SUBJECT ADDED ENTRY--TOPICAL TERM
Topical term or geographic name as entry element CANZONE ITALIAN [DISCHI]
Relator term Codice MATERIA SPICS: 9950
9 (RLIN) 18595
700 ## - ADDED ENTRY--PERSONAL NAME
Personal name Banco
Miscellaneous information Codice interprete SPICS: 9835
Relator term Interprete
9 (RLIN) 18596
700 ## - ADDED ENTRY--PERSONAL NAME
Personal name Di Giacomo Francesco
Relator term Autore testo e musica
Miscellaneous information Codice autore testo/musica SPICS: 28186
9 (RLIN) 18597
700 ## - ADDED ENTRY--PERSONAL NAME
Personal name Nocenzi Vittorio
Relator term Autore
Miscellaneous information Codice autore SPICS: 28185
9 (RLIN) 18598
942 ## - ADDED ENTRY ELEMENTS (KOHA)
Koha item type DISCHI
Source of classification or shelving scheme Dewey Decimal Classification
Dati di copia
Withdrawn status Lost status Damaged status Not for loan Home library Current library Date acquired Total Checkouts Full call number Date last seen Price effective from Koha item type Public note
    Buone Condizioni Not For Loan SPICS-MEDIATECA SPICS-MEDIATECA 25/10/2013   27565 25/10/2013 25/10/2013 DISCHI Progr. Ins.: 7122 / N.Vol.: 1 / Copie: 1 - Copia rara: n.d. / date import: 01.01.2014 - By Epidotti, Trombetti, Vaglietti
CREDITS: SOCIETA' SAN PAOLO Via A.Severo, 58 - ROMA (RM) & PERIODICI SAN PAOLO SRL Via Giotto, 36 MILANO & CISF Via Giotto, 36 MILANO & EDIZIONI SAN PAOLO SRL,  Piazza Soncino, 5 CINISELLO BALSAMO (MI) -- ITALY